000 00747cam a2200241 a 4500
001 17432731
005 20171215035554.0
008 120816s2014 nyua 001 0 eng
010 _a 2012031773
020 _a9780073525488 (acidfree paper)
020 _a0073525480 (hard copy : acidfree paper)
040 _aDLC
_cDLC
_dDLC
041 _aeng
042 _apcc
080 _230 ED
_a612 SYL
082 0 0 _a612 SYL
_223
100 1 _a11
101 _aBIO
245 1 0 _aHuman biology /
_cSylvia S. Mader, Michael Windelspecht ; with contributions by David Cox.
906 _a7
_bcbc
_corignew
_d1
_eecip
_f20
_gy-gencatlg
942 _2ddc
_cBK
999 _c38962
_d38962